[Event "New York op"]
[Site "New York"]
[Date "1991.??.??"]
[Round "7"]
[White "Dreev, Alexey"]
[Black "Wedberg, Tom Birger"]
[Result "1-0"]
[WhiteElo "2625"]
[BlackElo "2465"]
[Annotator "Stohl,I"]
[PlyCount "73"]
[EventDate "1991.03.??"]
[EventType "swiss"]
[EventRounds "9"]
[EventCountry "USA"]
[SourceTitle "CBM 023"]
[Source "ChessBase"]
[SourceDate "1991.08.01"]
[SourceVersion "1"]
[SourceVersionDate "1991.08.01"]
[SourceQuality "1"]

1. d4 Nf6 2. c4 e6 3. Nf3 c5 4. d5 exd5 5. cxd5 d6 6. Nc3 g6 7. e4 Bg7 8. h3
O-O 9. Bd3 Re8 10. O-O c4 11. Bc2 (11. Bxc4 Nxe4 12. Nxe4 Rxe4 13. Bg5 Bf6 (
13... Qa5 $142 $5 $13) 14. Bd3 Re8 15. Qa4 Nd7 16. Qh4 $40 {Cramling,P-Wedberg,
T,Stockholm 1990-CBM 22}) 11... b5 12. Nxb5 (12. a3 $5 a6 13. Bf4 Bb7 14. Qd2
$13) 12... Nxe4 13. Re1 {N} (13. Bxe4 $6 Rxe4 14. Re1 Rxe1+ 15. Qxe1 Bb7 16.
Qe4 Nd7 17. Bg5 Qb6 18. Qxc4 Rc8 19. Qf1 Bxd5 20. Be3 Qa6 21. Nxa7 Bc4 22. Qd1
Ra8 23. Rc1 Bxb2 $15 {Lalic,B-Velimirovic,D,Vrsac 1989-CBM 15}) 13... Ba6 $8 (
13... Nf6 14. Rxe8+ Nxe8 15. Qe2 $16) 14. a4 $1 Bxb5 (14... Nf6 15. Rxe8+ Nxe8
16. Qe2 Qc8 17. Nd2 c3 18. bxc3 Bxc3 19. Rb1 $16 {/\Nc4,Ba3><d6}) 15. axb5 Nc5
16. Nd2 $5 (16. Rxe8+ Qxe8 17. b6 a6 (17... Nba6 $5 $11) 18. Bf4 Qb5 19. Bxd6
Qxb6 20. Be5 Bxe5 21. Nxe5 Qxb2 22. Nxc4 Qf6 23. Ra3 {1/2:1/2,Stohl,I-Wedberg,
T,Gausdal Arnold Cup 1991}) (16. Bg5 Qd7 $13 {><b2,b5}) 16... Rxe1+ (16... c3
17. bxc3 Bxc3 18. Rxe8+ (18. Ra3 {-16...Re1}) 18... Qxe8 19. Rb1 Nbd7 20. Nc4
Nb6 $1 $11) 17. Qxe1 c3 (17... Nd3 $6 18. Bxd3 cxd3 19. Qe3 $16) 18. bxc3 Bxc3
19. Ra3 Bb4 (19... Bg7 20. Nc4 $14 {/\b6,><d6,^^}) 20. Re3 Nbd7 21. Qe2 $1 (21.
Bb2 $5 Nb6 $15 {/\Nc4,Nd5,Bd2}) 21... Nb6 22. Ne4 Nxe4 $6 (22... Nxd5 $1 23.
Bb2 Rc8 $1 {/\Ne4,Bc3} (23... Nxe3 24. Nf6+ Kg7 25. Qxe3 $40) 24. Rf3 (24. Nxc5
$2 Nxe3 $17) 24... Qe8 $5 (24... Nxe4 25. Qxe4 $16) (24... Qe7 $2 25. Nf6+ $18)
25. Re3 $5 $146) 23. Rxe4 Bc3 (23... Nxd5 $2 24. Qd3 Rc8 25. Qxd5 Rxc2 26. Bg5
Qa5 27. Re8+ Kg7 28. Qd4+ $18) 24. h4 $1 $36 Nd7 (24... Nxd5 25. Qd3 $18) 25.
h5 Nc5 26. Rc4 (26. Re7 $6 Bf6) 26... Bf6 27. Be3 Rc8 $6 (27... Qe7 $142 $5)
28. Qg4 $16 Rc7 (28... Nd7 29. Rc6 $16) 29. g3 Qb8 30. h6 $1 Qxb5 $2 (30... Qc8
31. Qf3 $16) 31. Bxc5 $1 Be7 (31... Rxc5 32. Qc8+ $1 Rxc8 33. Rxc8+) (31...
dxc5 32. Qf4 (32. d6 Rd7 33. Rxc5 Qxc5 34. Qxd7 Kf8 35. Bb3 $18) 32... Bd8 (
32... Qb6 33. d6) 33. Qe5 $18) 32. Bxg6 $1 fxg6 $8 (32... hxg6 33. Bd4 $1 Rxc4
34. h7+ Kxh7 35. Qh3+ $18) 33. Qe6+ Kf8 34. Rb4 $18 Rxc5 $8 (34... Qxc5 35.
Rb8+) 35. Rxb5 Rxb5 36. Qc8+ Kf7 37. Qh8 {[Stohl,I]} 1-0

[Event "Bayern-chI Bank Hofmann 6th"]
[Site "Bad Wiessee"]
[Date "2002.10.30"]
[Round "5"]
[White "Shabalov, Alexander"]
[Black "Womacka, Mathias"]
[Result "1/2-1/2"]
[WhiteElo "2621"]
[BlackElo "2484"]
[Annotator "Teske,H"]
[PlyCount "53"]
[EventDate "2002.10.26"]
[EventType "swiss"]
[EventRounds "9"]
[EventCountry "GER"]
[SourceTitle "EXT 2003"]
[Source "ChessBase"]
[SourceDate "2002.11.25"]
[SourceVersion "1"]
[SourceVersionDate "2002.11.25"]
[SourceQuality "1"]

1. d4 Nf6 2. c4 e6 3. Nf3 c5 4. d5 exd5 5. cxd5 d6 6. Nc3 g6 7. e4 Bg7 8. h3
O-O 9. Bd3 b5 10. Nxb5 Re8 11. O-O Nxe4 12. Qa4 a6 13. Bxe4 Bd7 14. Bd3 Qb6 15.
Qh4 Bxb5 16. Bxb5 axb5 17. Bh6 Nd7 18. Ng5 Nf6 19. Rae1 c4 20. Re3 Rxe3 {[#]}
21. Bxg7 Rxh3 {Auf die Öffnung der f-Linie möchte Schwarz sich lieber nicht
einlassen und forciert das Remis.} (21... Kxg7 22. fxe3 Qxe3+ 23. Kh1 {Die
Drohung 24.Se6 gibt Weiß gefährlichen Angriff.} Qe5 $140 (23... Rf8 $5 24. Rxf6
Kxf6 25. Ne6+ g5 26. Qh6+ Ke5 {sieht halsbrecherisch aus, aber wenn Weiß kein
dauerschach zu Wege bringt, könnte ein c-Freibauer nach De3-c1xb2 die
Entscheidung zugunsten von Schwarz bringen.}) 24. Nxf7) 22. Qxh3 Kxg7 23. Nxf7
Kxf7 24. Qe6+ Kg7 25. Qe7+ Kg8 26. Qe6+ Kg7 27. Qe7+ 1/2-1/2

[Event "Candidates final"]
[Site "Kuala Lumpur"]
[Date "1990.03.18"]
[Round "6"]
[White "Karpov, Anatoly"]
[Black "Timman, Jan H"]
[Result "1/2-1/2"]
[WhiteElo "2730"]
[BlackElo "2680"]
[Annotator "Tischbierek,R"]
[PlyCount "124"]
[EventDate "1990.03.??"]
[EventType "match"]
[EventRounds "12"]
[EventCountry "MAS"]
[SourceTitle "Candidates"]
[Source "ChessBase"]
[SourceDate "1999.07.01"]
[SourceVersion "2"]
[SourceVersionDate "1999.07.01"]
[SourceQuality "1"]

1. d4 {Riemersma} Nf6 2. c4 c5 3. d5 e6 4. Nc3 exd5 5. cxd5 d6 6. e4 g6 7. Nf3
Bg7 8. Bd3 O-O (8... Bg4 9. Qa4+ Nbd7 10. Nd2 O-O 11. h3 Nb6 $13 {Riemersma})
9. h3 a6 (9... b5 10. Bxb5 (10. Nxb5 Nxe4 11. Bxe4 Re8 12. Nd2 Ba6 13. a4 Qa5
$1 14. Nxd6 Nd7 $1 15. Qc2 f5 16. Kd1 fxe4 17. N2c4 $13 {Vilela-Ristic/Bela
Crkva/1989/}) 10... Nxe4 11. Nxe4 Qa5+ 12. Nfd2 Qxb5 13. Nxd6 Qa6 14. N2c4 $44)
10. a4 Nbd7 11. O-O Qc7 12. Bf4 Re8 13. Re1 (13. Qd2 Nh5 (13... Rb8 {Salov})
14. Bh6 Ne5 15. Nxe5 Bxh6 (15... Bxe5 16. g4 $16) 16. Qxh6 dxe5 17. Rfc1 $16 {
Salov-Hjartarson/Amsterdam/1989/}) 13... Rb8 (13... c4 14. Bc2 Nh5 15. Bh2 Nc5
16. e5 dxe5 17. d6 Qd8 18. Nxe5 $16 {Riemersma}) 14. Bc4 $5 (14. Qd2 c4 $2 (
14... Nh5 {vgl. Anmerkung zum 13.Zug}) 15. Bc2 b5 16. axb5 axb5 17. Nd4) 14...
Nb6 (14... Nh5 15. Bh2 Ne5 16. Be2 {/>>} (16. Nd2 Bh6 $5) 16... Nxf3+ 17. Bxf3
Nf6 18. e5 $1 dxe5 19. d6) 15. Bf1 Nfd7 16. a5 (16. Rc1) 16... Na8 17. Nd2 (17.
Ra3 Ne5 (17... b5 18. axb6 Rxb6 (18... Naxb6 19. Bxa6) 19. Qa1 $16 {Riemersma})
18. Nxe5 Bxe5 19. Bxe5 Rxe5 20. f4 Re8 21. e5 $16) 17... b5 18. axb6 Naxb6 19.
Bxa6 Bxa6 20. Rxa6 Ne5 21. Qe2 c4 22. Bxe5 (22. Be3 $6 Nbd7 (22... Nd3 $2 23.
Bxb6 Qxb6 24. Nxc4) 23. Ra7 Qc8 $44) 22... Bxe5 23. Qe3 $1 { 24.[]b5} Rb7 (
23... Bxc3 24. bxc3 Nxd5 25. Qd4 $16) 24. Na4 Nxa4 25. Rxa4 c3 26. bxc3 Qxc3
27. Nf3 Qxe3 28. Rxe3 Rb1+ 29. Re1 Reb8 30. Rc4 Rxe1+ 31. Nxe1 Rb1 32. Kf1 $18
f5 33. exf5 gxf5 34. Ke2 Kg7 (34... Rb5 35. Nc2 Rxd5 36. Ne3) 35. Nc2 Kg6 36.
g3 Rh1 37. Kf3 Rd1 (37... Rxh3 38. Kg2 {(+) <<h3} (38. Kg2 Rh6 39. f4 Bg7 40.
Ne3 $18 {Riemersma})) 38. Ne3 Rd2 39. Rc2 Rd4 40. Rc4 Rd2 41. Rc8 f4 (41... Bd4
42. Rg8+ Kf7 43. Rg5 Bxe3 44. Rxf5+ Kg6 45. Kxe3 $18) 42. gxf4 Bd4 43. Rd8 Bc5
44. Rd7 h5 45. Re7 { 46.<<e6, 47.f5} (45. h4) 45... Bxe3 46. fxe3 Rxd5 47. e4
$2 (47. Re6+ {Riemersma} Kf7 (47... Kg7 48. h4 Rd1 49. f5 $18) 48. Rh6 Ke7 (
48... Kg7 49. Ke4 $18) 49. Rg6 $18) 47... Rd3+ $10 48. Ke2 Rxh3 49. Re6+ Kg7
50. Rxd6 h4 51. Rd7+ Kg6 52. Rd6+ Kg7 53. f5 Ra3 54. e5 Ra5 55. f6+ Kf7 56.
Rd7+ Kf8 57. Re7 h3 58. Kf2 h2 59. Kg2 Ra2+ 60. Kh1 Re2 61. e6 Rf2 62. Rf7+ Ke8
1/2-1/2

[Event "Daugavpils"]
[Site "Daugavpils"]
[Date "1990.??.??"]
[Round "?"]
[White "Bagirov, Vladimir"]
[Black "Hoi, Carsten"]
[Result "1/2-1/2"]
[WhiteElo "2470"]
[BlackElo "2445"]
[Annotator "Wahls,M"]
[PlyCount "37"]
[EventDate "1990.02.??"]
[EventType "tourn"]
[EventRounds "9"]
[EventCountry "LAT"]
[EventCategory "8"]
[SourceTitle "CBM 017"]
[Source "ChessBase"]
[SourceDate "1990.08.01"]
[SourceVersion "1"]
[SourceVersionDate "1990.08.01"]
[SourceQuality "1"]

1. d4 d6 2. Nf3 g6 3. c4 Bg7 4. Nc3 Nf6 5. e4 O-O 6. h3 c5 7. d5 e6 8. Bd3 exd5
9. cxd5 a6 10. O-O Nbd7 11. Bf4 Ne8 $5 {Gegen die weiße Absicht, den
Zentrumsdurchbruch e4-e5 mittels Figurenspiel durchzusetzen, scheint die etwas
grobschlächtig anmutende Idee 11...Ne8, 14...f6, 15...Ne5 und 16...fex5 gar
nicht so ungeeignet zu sein.} 12. a4 b6 $1 {Wichtig ist für den schwarzen Plan
(-> 11...Ne8), den Damenflügel geschlossen zu halten: 12...b6 und 18...a5} 13.
Qd2 Qe7 14. Rfe1 f6 $5 15. Rab1 Ne5 $5 16. Nxe5 fxe5 $5 17. Be3 Nf6 18. Be2 a5
$1 19. Qc2 1/2-1/2

[Event "New York WFW"]
[Site "New York"]
[Date "1990.??.??"]
[Round "?"]
[White "Fishbein, Alexander"]
[Black "Larsen, Bent"]
[Result "1-0"]
[WhiteElo "2470"]
[BlackElo "2545"]
[Annotator "Wahls,M"]
[PlyCount "97"]
[EventDate "1990.09.??"]
[EventType "tourn"]
[EventRounds "9"]
[EventCountry "USA"]
[EventCategory "11"]
[SourceTitle "CBM 020"]
[Source "ChessBase"]
[SourceDate "1991.02.01"]
[SourceVersion "1"]
[SourceVersionDate "1991.02.01"]
[SourceQuality "1"]

1. d4 Nf6 2. c4 c5 3. d5 g6 4. Nc3 d6 5. e4 Bg7 6. Nf3 O-O 7. h3 e6 8. Bd3 exd5
9. cxd5 Re8 10. O-O c4 11. Bc2 Bd7 $6 (11... b5) 12. Bf4 Qb6 13. Rb1 Na6 14. e5
dxe5 15. Nxe5 Rac8 16. d6 Nb8 17. Qf3 Nc6 18. Nxd7 Nxd7 19. Ba4 Qa5 20. Bxc6
Rxc6 21. Rfe1 Re6 22. Rxe6 fxe6 23. Re1 Qf5 24. g4 Qf7 25. Qe4 e5 26. Be3 a6
27. Qg2 Rxd6 28. Qxb7 Nf6 29. Qc8+ Qe8 30. Qxc4+ Kh8 31. Rd1 Rxd1+ 32. Nxd1 h5
33. Nc3 hxg4 34. hxg4 Qd7 35. f3 Qb7 36. Qe2 e4 37. f4 Nd5 38. Nxd5 Qxd5 39. b3
a5 40. Qd2 Qb5 41. Bd4 Qd7 42. Bxg7+ Qxg7 43. Kf2 Qa7+ 44. Qe3 Qd7 45. g5 Kh7
46. Qxe4 Qd2+ 47. Kg3 Qxa2 48. Qe7+ Kg8 49. Qe6+ 1-0

[Event "Biel-B"]
[Site "Biel"]
[Date "1990.??.??"]
[Round "6"]
[White "Spraggett, Kevin"]
[Black "Landenbergue, Claude"]
[Result "1-0"]
[WhiteElo "2540"]
[BlackElo "2380"]
[Annotator "Wahls,M"]
[PlyCount "45"]
[EventDate "1990.07.??"]
[EventType "tourn"]
[EventRounds "11"]
[EventCountry "SUI"]
[EventCategory "10"]
[SourceTitle "CBM 019"]
[Source "ChessBase"]
[SourceDate "1990.12.01"]
[SourceVersion "1"]
[SourceVersionDate "1990.12.01"]
[SourceQuality "1"]

1. c4 Nf6 2. Nc3 g6 3. e4 d6 4. d4 Bg7 5. Nf3 O-O 6. h3 c5 7. d5 e6 8. Bd3 exd5
9. cxd5 Re8 10. O-O Na6 11. Re1 Nc7 12. Bg5 Rb8 13. a4 h6 14. Bf4 Nh5 15. Bh2
b6 16. e5 dxe5 17. Nxe5 Bb7 18. Bc4 {Die Zentraldiagonalen gehen an die
weißen Läüfer - und damit auch der Punkt.} Bxe5 19. Rxe5 Rxe5 20. Bxe5 Qe7
21. f4 Rd8 22. d6 Qh4 23. Qg4 1-0

[Event "Groningen"]
[Site "Groningen"]
[Date "1989.??.??"]
[Round "?"]
[White "Piket, Jeroen"]
[Black "Martinovic, Slobodan"]
[Result "1-0"]
[WhiteElo "2540"]
[BlackElo "2460"]
[Annotator "Wahls,M"]
[PlyCount "61"]
[EventDate "1989.12.??"]
[EventType "tourn"]
[EventRounds "9"]
[EventCountry "NED"]
[EventCategory "11"]
[SourceTitle "CBM 016"]
[Source "ChessBase"]
[SourceDate "1990.06.01"]
[SourceVersion "1"]
[SourceVersionDate "1990.06.01"]
[SourceQuality "1"]

1. d4 Nf6 2. Nf3 g6 3. c4 Bg7 4. Nc3 O-O 5. e4 d6 6. h3 c5 7. d5 e6 8. Bd3 exd5
9. cxd5 Na6 $6 {langsam} 10. O-O Nc7 11. a4 Rb8 12. Re1 b6 13. Bg5 h6 14. Bf4
a6 15. Qd2 g5 16. Bh2 Bb7 17. Rad1 Re8 {Das weiße Zentralspiel bereitet den
Durchbruch e4-e5 vor. vgl. Goldin,A-Nun,Ji/Sochi-A/1989/ -> CBM 16} 18. e5 $1
$16 dxe5 19. d6 Ne6 20. Nxe5 Nd7 21. Ng4 h5 22. Ne3 Nf4 23. Nf5 Rxe1+ 24. Rxe1
Qf6 25. Bxf4 gxf4 26. Qxf4 Ne5 27. Be4 Ng6 28. Qf3 Re8 29. d7 Re5 30. Nh6+ Kf8
31. d8=Q+ 1-0

[Event "Hasselbacken"]
[Site "Stockholm"]
[Date "2001.07.30"]
[Round "3"]
[White "Yakovich, Yuri"]
[Black "Wedberg, Tom Birger"]
[Result "1/2-1/2"]
[WhiteElo "2577"]
[BlackElo "2505"]
[Annotator "Wedberg,T"]
[PlyCount "49"]
[EventDate "2001.07.28"]
[EventType "tourn"]
[EventRounds "9"]
[EventCountry "SWE"]
[EventCategory "9"]
[SourceTitle "CBM 085"]
[Source "ChessBase"]
[SourceDate "2001.11.13"]
[SourceVersion "1"]
[SourceVersionDate "2001.11.13"]
[SourceQuality "1"]

1. d4 Nf6 2. c4 e6 3. Nf3 c5 4. d5 d6 5. Nc3 exd5 6. cxd5 g6 7. Bf4 a6 8. e4 b5
9. Qe2 Be7 (9... Bg7 10. Bxd6 Qxd6 11. e5 Qe7 12. d6 Qe6 13. Ng5 $40) 10. Qc2
O-O 11. a4 b4 12. Nd1 {[%cal Yd1e3,Ye3c4] A slight deviation from the more
usual retreat to b1. The basic idea is the same - to reach c4.} (12. Nb1 {
[%cal Yb1d2,Yd2c4]} Nh5 13. Bh6 Re8 14. Bd3 Nd7 15. O-O Bf8 16. Bxf8 Kxf8 17.
Nbd2 Nf4 $13 {0-1 Yakovich,Y-Wedberg,T/Stockholm 1999/CBM 73/[Wedberg] (40)})
12... Nh5 $146 {[%mdl 8] Black is happy with his strong P-formation from d6 to
b4 and refrains from simplification with b3. Instead Black tries to create
dynamic play on the K-side utilizing White´s slight lack of development.} (
12... b3 13. Qc4 (13. Qxb3 Nxe4 14. Bd3 $14) 13... Nbd7 14. Ra3 Rb8 15. Rxb3
Rxb3 16. Qxb3 Nxe4 17. Bd3 Nef6 18. O-O Qb6 $132 {1-0 Flear,G-Renet,O/Hastings
1987/EXT 98 (62)}) 13. Bh6 (13. Be3 f5 $36) 13... Re8 14. Bd3 Bf8 15. Bg5 {
This innocent looking move gives Black a chance to create real complications.}
(15. Bxf8 {would be similar to the game above between the same opponents.
White concludes his development, but Black gets f4 for his N.}) 15... f6 16.
Be3 f5 $5 {[%mdl 512] Black sacrifices his K-side to keep the white K in the
centre.} 17. exf5 (17. O-O $6 f4 18. Bd2 Ra7 $40 {[%cal Ya7g7,Yg6g5,Yg5g4]})
17... Nf4 $1 18. fxg6 (18. O-O $6 Nxd3 19. Qxd3 Bxf5 $17) 18... Nxg2+ 19. Kd2
$8 (19. Kf1 $2 Bh3 $40) 19... Qf6 $1 20. gxh7+ Kh8 21. Ne1 (21. Ng5 $2 Nxe3 22.
Nxe3 Bh6 $1 23. Ne4 Rxe4 24. Bxe4 Qxf2+ 25. Kd1 Qxe3 $17) 21... Nxe3 22. fxe3
Bh6 23. Rf1 (23. Rg1 $2 Bxe3+ $19) 23... Qe5 24. Ng2 Qxh2 25. Kc1 {In this
tricky situation the game ended in a draw. A bit too early, but the position
is extremely difficult to asess, so with little time on the clock a draw
seemed quite good to both of us.} (25. Kc1 Bh3 26. Rf2 Qg1 27. Qe2 (27. Rf6 $5)
(27. Bf1 Nd7 28. Rf3 (28. Qg6 Bxe3+ $1) 28... Bg4 29. Qf2 Qh1 30. Rg3 Ne5 31.
Nf4 $13) 27... Nd7 28. Nf4 Bg4 29. Ng6+ Kg7 30. Qf1 Qxf1 31. Rxf1 c4 $132)
1/2-1/2

[Event "Scandic Hotels CC"]
[Site "Stockholm"]
[Date "2000.08.03"]
[Round "6"]
[White "Grabarczyk, Miroslaw"]
[Black "Wedberg, Tom Birger"]
[Result "0-1"]
[WhiteElo "2495"]
[BlackElo "2473"]
[Annotator "Wedberg,T"]
[PlyCount "98"]
[EventDate "2000.07.29"]
[EventType "tourn"]
[EventRounds "9"]
[EventCountry "SWE"]
[EventCategory "10"]
[SourceTitle "CBM 079"]
[Source "ChessBase"]
[SourceDate "2000.11.21"]
[SourceVersion "1"]
[SourceVersionDate "2000.11.21"]
[SourceQuality "1"]

1. d4 Nf6 2. c4 e6 3. Nf3 c5 4. d5 d6 5. Nc3 exd5 6. cxd5 g6 7. h3 Bg7 8. e4
O-O 9. Bd3 Re8 10. O-O c4 11. Bc2 b5 12. Nxb5 (12. a3 {is the positional
response.}) 12... Nxe4 13. Bxe4 {With this White wants to out-develop Black.
This is potentially a dangerous strategy for Black, but the pair of B:s in an
open postion will always give Black some play, even if he loses say the c4-P}
Rxe4 14. Nc3 (14. Nd2 Rh4 15. Re1 Ba6 16. a4 Bxb5 17. axb5 Nd7 18. Ne4 Qb8 $1
$146 {1/2-1/2 Nielsen,P-Wedberg,T/Reykjavik 2000/CBM 79/[Wedberg] (50)}) 14...
Re8 15. Bg5 Qd7 $5 {Keeping e8 well protected.} (15... Qb6 16. Re1 $36) 16. Qd2
Na6 17. Rae1 (17. Rfe1 $142 Bb7 18. Qf4 Nc5 $5 19. Qxc4 Ba6 $132) 17... Bb7
$132 {[%csl Rd5][%cal Ya6c5,Yc5d3,Yg7b2,Yb7d5]} 18. Ne4 $2 {Going for a mating
attack on the black squares, but there is no mate.} (18. Qf4 Nc5 19. Qxc4 Ba6
$17) 18... Nc7 $1 19. Nc3 (19. Nf6+ Bxf6 20. Bxf6 Nxd5 21. Bd4 Qf5 22. Qh6 f6
$17) 19... Qf5 20. Bh6 Nxd5 21. Bxg7 Kxg7 22. Nxd5 Bxd5 23. Nd4 Qd7 $17 24. Qg5
Be4 25. Re3 Re5 26. Qf4 Rae8 27. Rfe1 Qe7 28. b3 cxb3 29. axb3 a5 $1 {[%csl
Rb3] Marking b3 as a weakness in the ending.} 30. Qg4 h5 31. Qf4 Ba8 32. h4 Qf6
33. Qg3 Rxe3 34. Rxe3 Rxe3 35. fxe3 Qe5 36. Qf4 Qd5 37. Qf2 Qe4 38. Qg3 Bd5 39.
Kh2 Kg8 40. Qg5 Qe5+ 41. Qf4 Kf8 42. Kg1 Ke7 43. Qf2 Qe4 44. Kh2 Kd7 45. Qg3
Qe5 $1 $19 46. Qf4 Qxf4+ 47. exf4 Kc7 48. g4 hxg4 49. Kg3 Kb6 0-1

[Event "Scandic Hotels CC"]
[Site "Stockholm"]
[Date "1999.08.06"]
[Round "6"]
[White "Yakovich, Yuri"]
[Black "Wedberg, Tom Birger"]
[Result "0-1"]
[WhiteElo "2592"]
[BlackElo "2487"]
[Annotator "Wedberg,T"]
[PlyCount "80"]
[EventDate "1999.07.31"]
[EventType "tourn"]
[EventRounds "9"]
[EventCountry "SWE"]
[EventCategory "9"]
[SourceTitle "CBM 073"]
[Source "ChessBase"]
[SourceDate "1999.12.01"]
[SourceVersion "1"]
[SourceVersionDate "1999.12.01"]
[SourceQuality "1"]

1. d4 Nf6 2. c4 e6 3. Nf3 c5 4. d5 d6 5. Nc3 exd5 6. cxd5 g6 7. Bf4 a6 8. e4 b5
9. Qe2 Be7 10. Qc2 O-O 11. a4 {This is Yuri Yakovich´s own line.} b4 12. Nb1
Nh5 {I played this the first time in Rilton Cup this year against Yakovich.
That time he was unprepared for this new move and stumbled into an inferior
position. This time he was better prepared.} (12... Re8 13. Bd3 Bf8 14. O-O a5
(14... b3 15. Qxb3 Nxe4 16. Nc3 Nf6 17. a5 Nbd7 18. Qc2 Nh5 19. Bg5 Be7 20. Bd2
Bf6 $14 {1-0 Yakovich,Y-Totsky,L/St.Petersburg 1994/CBM 41 (57)}) 15. Nbd2 Nbd7
16. h3 Nb6 17. Rfe1 Nfd7 18. Bb5 Ba6 19. Bc6 Ra7 20. e5 $16 {1-0 Yakovich,
Y-Filippov,V/Ekaterinburg 1997/CBM 57 ext (37)}) 13. Bh6 (13. Be3 f5 $36) 13...
Re8 14. Bd3 (14. Nbd2 Nd7 15. Bd3 Ndf6 $1 16. Be3 (16. h3 Nxd5 17. exd5 Bg5+
$17) 16... Ng4 17. Nc4 Nxe3 18. Nxe3 Nf4 $15 {1/2-1/2 Yakovich,Y-Wedberg,T/
Rilton Cup (7) 1999/ (40)}) 14... Nd7 15. O-O Bf8 (15... Bf6 $5) 16. Bxf8 Kxf8
17. Nbd2 Nf4 18. Rfe1 Nxd3 (18... Qf6 $5 19. Bf1 g5 $13) 19. Qxd3 a5 20. Qe3 $1
$14 (20. Nc4 Ba6 $11) 20... Kg7 21. Nc4 Nb6 22. Nxb6 Qxb6 23. h4 Qd8 24. h5 Qf6
$2 {Very bad move.} (24... f6 $142 {/\Ra7-e7}) 25. h6+ Kg8 26. e5 $1 {
Excellent! White just crashes through.} dxe5 27. Nxe5 Qh4 (27... Bf5 28. Ng4 $1
$18 {very simple}) 28. Qxc5 Bf5 29. d6 Qxh6 30. d7 Red8 31. Rad1 {Yakovich
used up his time trying to work out the mate after} (31. Nxf7 $1 Kxf7 32. Re7+
Kf6 33. Qe5+ Kg5 34. f4+ Kg4 35. Qe2+ Kh4 {but failed to find} 36. Rxh7 $1 Qxh7
37. Kf2 {with mate in a few moves.}) 31... Qg7 32. Qc7 b3 {Time was very short
now, at least for White.} 33. Nc6 Rxd7 34. Rxd7 Bxd7 35. Qxd7 Qxb2 36. Ne5 $6 (
36. Nd8 $1 $18) 36... Rf8 37. Qb5 Qc3 38. Rb1 Rd8 39. Rxb3 $6 (39. Nf3 $18)
39... Qc1+ 40. Qf1 $4 (40. Kh2 Qf4+ 41. Kh3 Rd1 42. Qe8+ Kg7 43. Qxf7+ Qxf7 44.
Nxf7 Kxf7 45. Rb5 $16) 40... Rd1 0-1

[Event "Sigeman & Co 09th"]
[Site "Malmo"]
[Date "2001.06.17"]
[Round "6"]
[White "Sokolov, Ivan"]
[Black "Wedberg, Tom Birger"]
[Result "0-1"]
[WhiteElo "2659"]
[BlackElo "2505"]
[Annotator "Wedberg,T"]
[PlyCount "76"]
[EventDate "2001.06.12"]
[EventType "tourn"]
[EventRounds "9"]
[EventCountry "SWE"]
[EventCategory "13"]
[SourceTitle "CBM 084"]
[Source "ChessBase"]
[SourceDate "2001.09.13"]
[SourceVersion "1"]
[SourceVersionDate "2001.09.13"]
[SourceQuality "1"]

1. d4 Nf6 2. c4 e6 3. Nf3 c5 4. d5 d6 5. Nc3 exd5 6. cxd5 g6 7. h3 Bg7 8. e4
O-O 9. Bd3 Nh5 {This idea hasn't been played that much. Recently it has been
recommended by John Watson in his monography on the Modern Benoni. The N on h5
prevents Bf4 and strengthens White's control over e5. Black also has hopes of
provoking g4 which weakens White's K-side and allows Black counterplay with
either h5 or f5. The largest drawback of the move is the risk that the N
eventually gets stuck on g7.} 10. O-O Nd7 11. Bg5 Bf6 12. Be3 (12. Bh6 $5)
12... Re8 13. Nd2 $6 {This allows Black to exchange a pair of minor pieces.
That usually makes Black's situation a bit easier in the Modern Benoni.} (13.
Qd2 a6 14. a4 b6 (14... Ne5 15. Be2 Nxf3+ 16. Bxf3 Ng7 $13) 15. Rfe1 Ra7 16. g4
Ng7 17. Bf4 Ne5 18. Nxe5 Bxe5 19. Bxe5 dxe5 20. Qe3 f5 $132 {1-0 Cramling,
P-Wedberg,T/Malmoe SWE 2001 (65)}) 13... Bd4 $1 (13... a6 14. a4 Bd4 15. Bxd4
cxd4 16. Ne2 Nc5 17. Ra3 Bd7 18. Bc2 d3 19. Bxd3 Bxa4 20. Rxa4 Nxd3 21. Rd4
Ndf4 (21... Nhf4 $142) 22. Nc3 $14 {1-0 Krasenkow,M-Oliwa,M/Poland 1996/CBM 53/
[Krasenkow] (42)}) 14. Re1 (14. Bxd4 cxd4 15. Ne2 (15. Nb5 Ne5 16. Nf3 Nf4 17.
Nxe5 dxe5 $15) 15... Nc5 16. Qc2 f5 $1 $36) 14... Bxe3 15. Rxe3 Ne5 16. Bf1 Nf4
17. Nf3 (17. Kh2 Qf6 18. Qe1 g5 19. g3 Nfg6 {[%csl Ge5,Gf4] Black has a nice
grip on e5 and f4.}) 17... a6 18. a4 h6 (18... Qb6 $5) (18... g5 $2 19. Nxg5) (
18... Qf6 19. Nxe5 Rxe5 (19... Qxe5 $2 20. g3 $1 Nxh3+ (20... Nh5 21. f4 $36)
21. Bxh3 Bxh3 22. g4 $16 {[%csl Rh3]}) 20. Rf3 Qg5 $13) (18... Bd7 $5) 19. a5 {
This allows Black to get counterplay on the b-file.} (19. Kh2 $142 g5 20. Nxe5
Rxe5 21. g3 Ng6 22. Qd2 $13) 19... Rb8 20. Kh2 g5 21. Nxe5 Rxe5 22. g3 Ng6 23.
Bg2 b6 $132 24. Qd2 bxa5 25. f4 Re8 26. Rf1 Rb4 27. Qf2 Qe7 (27... gxf4 $5 28.
gxf4 f5 $13) 28. fxg5 hxg5 29. e5 Nxe5 30. Rxe5 dxe5 31. d6 Qf8 (31... Qe6 32.
Nd5 $1 Rd8 (32... Bb7 $5) 33. Qe3 Rxd6 34. Qxg5+ Kf8 35. Nf6 $40) 32. Bd5 $6
$138 (32. Nd5 $1 Re6 $1 (32... f5 33. Nxb4 cxb4 34. Qd2 Qg7 35. Bc6 Rd8 36. d7
Bxd7 37. Rd1 $16) 33. Nf6+ Rxf6 34. Qxf6 Rd4 35. Qxe5 Rxd6 36. Qxg5+ (36. Qxc5
Qd8) 36... Rg6 37. Qe5 Qd6 $1 $13) 32... Re6 $1 (32... Be6 33. d7 $1 $40) 33.
Qd2 (33. Bxe6 Bxe6 $17) 33... Qxd6 34. Qxg5+ Kf8 35. Rf2 Rg6 $1 36. Rxf7+ Ke8
37. Qd2 (37. Qh5 Rxb2+ 38. Kh1 Be6 $1 $19) 37... e4 38. Rf4 Be6 0-1